Inventaire sommaire des manuscrits des bibliothèques de France dont les catalogues n'ont pas été imprimés / (Record no. 156062)

MARC details
000 -LEADER
campo de control de longitud fija 00786nam a22001935i 4500
001 - NÚMERO DE CONTROL
campo de control 156062
003 - IDENTIFICADOR DE NÚMERO DE CONTROL
campo de control ES-MaACL
005 - FECHA Y HORA DE LA ÚLTIMA TRANSACCIÓN
campo de control 20230906210316.0
008 - DATOS DE LONGITUD FIJA--INFORMACIÓN GENERAL
campo de control de longitud fija 050715s1879 fr | |||||||| ||fre d
040 ## - FUENTE DE CATALOGACIÓN
Centro catalogador/agencia de origen CAM
Lengua de catalogación spa
Centro/agencia transcriptor CAM
245 00 - MENCIÓN DEL TÍTULO
Título Inventaire sommaire des manuscrits des bibliothèques de France dont les catalogues n'ont pas été imprimés /
Mención de responsabilidad, etc. publié par Ulysse Robert.
260 ## - PUBLICACIÓN, DISTRIBUCIÓN, ETC.
Lugar de publicación, distribución, etc. Paris :
Nombre del editor, distribuidor, etc. Alph. Picard libraire :
-- H. Champion libraire,
Fecha de publicación, distribución, etc. 1879.
300 ## - DESCRIPCIÓN FÍSICA
Extensión p. ;
Dimensiones 24 cm.
594 ## - Nota al título y mención de responsabilidad
Nota al título y mención de responsabilidad Todos los datos tomados de la cub. original.
650 #4 - PUNTO DE ACCESO ADICIONAL DE MATERIA--TÉRMINO DE MATERIA
Término de materia o nombre geográfico como elemento de entrada Manuscritos-
Subdivisión de forma Catálogos.
9 (RLIN) 136460
700 1# - ENTRADA AGREGADA--NOMBRE PERSONAL
Nombre de persona Robert, Ulysse,
Término indicativo de función/relación
9 (RLIN) 131883
752 ## - ENTRADA AGREGADA--NOMBRE JERÁRQUICO DEL LUGAR
País o entidad superior Francia -
Ciudad París
852 ## - LOCALIZACIÓN
Ubicación ES-MaACL
Número de control de estantería B-3913
Nota libre -- Enc. hol. conservando la original
condición física -- Sólo XXXVI, 448 p. (Agen-Nice)
Holdings
Estatus retirado Estado de pérdida Estado de daño No para préstamo Colección Biblioteca de origen Biblioteca actual Ubicación en estantería Fecha de adquisición Fuente de adquisición Total de préstamos Signatura topográfica completa Código de barras Visto por última vez Precio de reemplazo Tipo de ítem Koha
        Libros del s. XIX Biblioteca del Ateneo de Madrid Biblioteca del Ateneo de Madrid Sala Pardo Bazán 17/01/2008     B-3913 1163269 23/02/2023 23/02/2023 Libro impreso antiguo